| 000 | 00433nam a2200145Ia 4500 | ||
|---|---|---|---|
| 008 | 231217s9999 xx 000 0 und d | ||
| 041 | _aEnglish | ||
| 082 | _a001.6424076 NAI;6 `R' | ||
| 100 | _aNaidu, Bhaskar A C Somasekhara B V | ||
| 245 | 0 | _aSolutions to problems in numerical methods and computer programming | |
| 260 |
_c1991 _bShree offset printers, B' |
||
| 300 | _a187 | ||
| 650 | _aComputer programming | ||
| 942 | _cAA | ||
| 999 |
_c162068 _d162068 |
||